Vývoj přímých zahraničních investic a pojistného plnění v ČR v letech 1995 až 2003

Cieľom príspevku je prispieť k objektivizácii hodnotenia významu priamych zahraničných investícií ako zdroja financovania ekonomiky ČR v rokoch 1995-2003. Príspevok tiež chce upozorniť na význam i iných zdrojov financovania firiem v podobe poistného plnenia. Teória a metodika. Výsledky analýz. Disku...

ver descrição completa

Na minha lista:
Detalhes bibliográficos
Autor principal: Kalouda, František
Formato: Capítulo de Livro
Idioma:tcheco
Assuntos:
Tags: Adicionar Tag
Sem tags, seja o primeiro a adicionar uma tag!

MARC

LEADER 00000naa$a2200000$$$4500
001 0022998
005 20221128113057.3
041 0 |a cze 
044 |a SK 
245 1 0 |a Vývoj přímých zahraničních investic a pojistného plnění v ČR v letech 1995 až 2003  |c František Kalouda 
520 |a Cieľom príspevku je prispieť k objektivizácii hodnotenia významu priamych zahraničných investícií ako zdroja financovania ekonomiky ČR v rokoch 1995-2003. Príspevok tiež chce upozorniť na význam i iných zdrojov financovania firiem v podobe poistného plnenia. Teória a metodika. Výsledky analýz. Diskusia. 
610 2 0 |a investície priame zahraničné 
610 2 0 |a plnenie poistné 
610 2 0 |a poistné 
610 2 0 |a produkt domáci hrubý 
610 2 0 |a financovanie podnikov 
610 2 0 |a Česko 
610 2 0 |a 1995-2003 
100 1 |a Kalouda, František